[Event "London Central Major"]
[Site "London"]
[Date "2022.11.06"]
[Round "5"]
[White "Ortolani, Paolo"]
[Black "Moni, Claudio"]
[Result "1-0"]
[WhiteElo "1531"]
[BlackElo "1580"]
[PlyCount "41"]
[EventDate "2022.11.04"]
[EventType "swiss"]
[EventRounds "5"]
[EventCountry "ENG"]
[SourceTitle "EXT 2024"]
[Source "ChessBase"]
[SourceDate "2023.10.10"]
[SourceVersion "1"]
[SourceVersionDate "2023.10.10"]
[SourceQuality "1"]

1. e4 d5 2. exd5 Qxd5 3. Nc3 Qa5 4. d4 Nf6 5. Bd3 Bg4 6. f3 Bf5 7. Nge2 e6 8. 0-0 Nbd7 9. Ne4 0-0-0 10. a3 Qb6 11. c4 Bxe4 12. fxe4 e5 13. b4 exd4 14. c5 Qe6 15. Qa4 Nb8 16. Ng3 a6 17. Bf4 h6 18. e5 Nfd7 19. Rac1 g5 20. Bd2 Nxe5 21. Bf5 1-0